000 00345nam a22001217a 4500
008 180522b xxu||||| |||| 00| 0 eng d
041 _aeng
080 _a043.3
100 _a0
101 _aSHKI-MTH
245 _aPrivatësia dhe siguria e informacionit në sistemet E-health Case Study: E-health sistemi në Angli
_cShabani,E
942 _2udc
_cBK
999 _c46219
_d46219